Theory and Practice
Αποθηκεύτηκε σε:
| Κύριος συγγραφέας: | |
|---|---|
| Άλλοι συγγραφείς: | |
| Μορφή: | Βιβλίο |
| Γλώσσα: | English |
| Δημοσίευση: |
Boston :
Beacon Press,
c1973.
|
| Θέματα: | |
| Ετικέτες: |
Προσθήκη ετικέτας
Δεν υπάρχουν, Καταχωρήστε ετικέτα πρώτοι!
|
MARC
| LEADER | 00000cam a2200000 i 4500 | ||
|---|---|---|---|
| 001 | 1/48680 | ||
| 008 | 950728s1973 mau ||| | eng|| | ||
| 020 | |a 080701527X | ||
| 035 | |1 ΕΛΗ |a 1995 |b 1807 |c ΤΣΙΒΑΚΟΥ |l 10043403 | ||
| 040 | |a GR-MyUA |b gre |e AACR2 | ||
| 041 | 1 | |a eng | |
| 082 | 0 | |a 301.01 | |
| 100 | 1 | |a Habermas, Jürgen. | |
| 245 | 1 | 0 | |a Theory and Practice / |c by Jurgen Habermas ; translated by John Viertel. |
| 260 | |a Boston : |b Beacon Press, |c c1973. | ||
| 300 | |a 310 σ. ; |c 22 εκ. | ||
| 504 | |a Περιέχει ευρετήριο. | ||
| 650 | 0 | 0 | |a Sociology. |
| 650 | 0 | 0 | |a Political science. |
| 650 | 0 | 0 | |a Speeches, addresses, etc. |
| 700 | 1 | |a Viertel, John, |e trl | |
| 852 | |a INST |b SAMOS |e 19950728 |h 301.01 HAB |p 005300009253 |q 005300009253 |t BK |y 0 | ||
| 901 | |a BIBL-1997-1 | ||
| 909 | |a Σ |b 048948 | ||